| Tag |
First Indicator |
Second Indicator |
Subfields |
| LEADER |
00000cam a2200000 i 4500 |
| 001 |
in00000022173 |
| 005 |
20151007063906.0 |
| 008 |
790412s1915 nyu 00010 fre d |
| 035 |
|
|
|a (OCoLC)04851501
|
| 035 |
|
|
|9 AAD8521AM
|
| 040 |
|
|
|a MST
|c MST
|d TXA
|d UtOrBLW
|
| 049 |
|
|
|a TXAM
|c [41488]
|
| 090 |
|
|
|a PQ1126
|b .S4
|
| 092 |
|
|
|a 840.8
|b S33s
|
| 100 |
1 |
|
|a Schinz, Albert,
|d 1870-
|
| 245 |
1 |
0 |
|a Seventeenth century French readings /
|c Edited with notes by Albert Schinz and Helen Maxwell King.
|
| 264 |
|
1 |
|a New York :
|b Holt,
|c 1915.
|
| 300 |
|
|
|a 382 pages ;
|c 17 cm.
|
| 336 |
|
|
|a text
|b txt
|2 rdacontent
|
| 337 |
|
|
|a unmediated
|b n
|2 rdamedia
|
| 338 |
|
|
|a volume
|b nc
|2 rdacarrier
|
| 999 |
|
|
|a MARS
|
| 999 |
f |
f |
|s ab21026c-8dbe-3a10-973e-f7db6cea0ed9
|i e06a8ea9-9bd4-35de-be6b-aaa22589b0da
|t 0
|
| 952 |
f |
f |
|p ric
|a Texas A&M University
|b Rellis Campus
|c Joint Library Facility
|d Remote Storage
|t 0
|e PQ1126 .S4
|h Library of Congress classification
|i unmediated -- volume
|m A14801361846
|
| 998 |
f |
f |
|a PQ1126 .S4
|t 0
|l Remote Storage
|